| 000 | 01066cam a22003135a 4500 | ||
|---|---|---|---|
| 001 | 13751520 | ||
| 005 | 20160214104628.0 | ||
| 008 | 041014r20102004nyua frb 001 0 eng d | ||
| 020 | _a0824754360 (alk. paper) | ||
| 020 | _a9780824754365 | ||
| 040 |
_aTEF _cTEF _dDLC _dEG-ScBUE _beng |
||
| 082 | 0 | 4 |
_a615.321 _222 _bHER |
| 245 | 0 | 0 |
_aHerbal and traditional medicine : _bmolecular aspects of health / _cedited by Lester Packer, Choon Nam Ong, Barry Halliwell. |
| 250 | _aIndian ed., Reprint ed. | ||
| 260 |
_aNew York : _bMarcel Dekker, _c2010. |
||
| 300 |
_axx, 941 p. : _bill. ; _c24 cm. |
||
| 490 | 0 | _aOxidative stress and disease. | |
| 500 | _aIndex : p. 903-941. | ||
| 500 | _aReprinted of the 2004 ed. | ||
| 504 | _aIncludes bibliographical references. | ||
| 650 | 7 |
_aHerbs _xTherapeutic use. _2BUEsh _939316 |
|
| 650 | 7 |
_aTraditional medicine. _2BUEsh _939315 |
|
| 651 | _2BUEsh | ||
| 653 |
_bPPhrm _cFebruary2016 |
||
| 700 | 1 |
_aPacker, Lester, _eeditor. |
|
| 700 | 1 |
_aOng, Choon Nam, _eeditor. |
|
| 700 | 1 |
_aHalliwell, Barry, _eeditor. |
|
| 942 | _2ddc | ||
| 999 |
_c21130 _d21102 |
||